Les pays qui visitent le plus l'Indonésie - Statistiques

Statistiques générales
  • Ce quiz a été pris 492 fois
  • Le résultat moyen est 11 sur 15
Statistiques - réponses
Visiteurs Pays % Correct
2,137,450 Chine
97%
287,662 France
97%
387,295 États Unis
96%
530,171 Japon
92%
1,301,225 Australie
91%
595,060 Inde
90%
273,847 Allemagne
82%
2,501,611 Malaisie
81%
391,820 Royaume-Uni
81%
358,527 Corée du Sud
70%
217,644 Philippines
66%
1,768,598 Singapour
64%
207,707 Taiwan
44%
209,664 Pays-Bas
41%
1,762,120 Timor Oriental
29%
Aucun quiz correspondant
Distribution des résultats
% des personnes avec chaque résultat
Percentile par nombre de réponses
Votre historique - résultats
Vous n’avez pas pris ce quiz